[Event "4NCL"]
[Site "Barcelo Hotel, Hinkley Island,"]
[Date "2011.04.30"]
[Round "9.47"]
[White "Rosen, Daniel B"]
[Black "Mack, Andrew L"]
[Result "1-0"]
[WhiteElo "2125"]
[BlackElo "2203"]
[PlyCount "59"]
[EventDate "2011.??.??"]
[WhiteTeam "Poisoned Pawns 1"]
[BlackTeam "Jutes of Kent"]

1. f4 e5 2. fxe5 d6 3. exd6 Bxd6 4. Nf3 Bg4 5. e3 Nc6 6. d4 Nge7 7. Bd3 Ng6 8.
O-O Nh4 9. Nbd2 Qe7 10. Qe2 O-O-O 11. Qf2 Nxf3+ 12. Nxf3 h5 13. c3 h4 14. e4 f6
15. Bc2 g5 16. e5 fxe5 17. Bxg5 Qg7 18. Bxd8 Rxd8 19. d5 Ne7 20. Be4 h3 21. g3
b6 22. b4 Bd7 23. Qe3 Rg8 24. Kh1 Bb5 25. Rf2 Bc4 26. Nd2 Ba6 27. Qf3 Bb7 28.
Nc4 Rd8 29. Nxd6+ cxd6 30. c4 1-0